| 000 | 00562nam a22001937a 4500 | ||
|---|---|---|---|
| 005 | 20251108175829.0 | ||
| 008 | 250721s2017 xx 000 0 ara d | ||
| 082 | 1 | 4 | _aط/211.8/لما |
| 100 | 1 | _aلماضة، عاطف | |
| 245 | 1 | 0 | _aعجل من ذهب / |
| 264 | 1 |
_aغزة : _bمكتبة سمير منصور، _c2017. |
|
| 300 | _a12ص. | ||
| 490 | 0 |
_aالقصص الحق _v18 |
|
| 650 | 1 | 7 | _aقصص القران |
| 650 | 1 | 7 | _aادب الاطفال |
| 653 | _aاطفال مرحلة متوسطة(6-9)سنوات | ||
| 942 |
_2ddc _cBK |
||
| 999 |
_c143434 _d143434 |
||